000 01116nam a22002417a 4500
999 _c57733
_d57733
003 Ge_BSU
005 20201021111505.0
008 201021s2020 ge ||||| |||| 00| 0 geo d
020 _a9789941259883
041 _ageo
080 _a343(075.8) ლ-40
100 _aლეკვეიშვილი, მ
_93505
245 _aსისხლის სამართლის კერძო ნაწილი :
_bწიგნი II. /
_cავტ.: მამულაშვილი, გ. თოდუა, ნ.; რედ. გ. მამულაშვილი, ნ. თოდუა.
250 _a მეექვსე გამოცემა.
264 _aთბილისი :
_bმერიდიანი ,
_c2020 .
300 _a 687 გვ.
_b20 სმ.
653 _aსამართალი
653 _aსისხლის სამართალი
700 _a მამულაშვილი, გ.
_eავტორი
_99621
700 _aთოდუა, ნ.
_eავტორი
_99612
700 _aმუმლაძე, დ.
_eავტორი
_99622
942 _2udc
_cBK